| 000 | 00432nam a22001697a 4500 | ||
|---|---|---|---|
| 005 | 20180813140931.0 | ||
| 008 | 160625b xxu||||| |||| 00| 0 eng d | ||
| 020 | _a81-7929-086-7 | ||
| 041 | _aeng | ||
| 082 |
_b10312 _a658.3 |
||
| 100 |
_aKapur, Shashi _91860 |
||
| 245 | _aA Comprehensive handbook for Personnel Managers | ||
| 260 |
_binfinity books _c2004 _adelhi |
||
| 300 | _a474p, | ||
| 650 |
_aManagement _9241 |
||
| 942 | _cBK | ||
| 999 |
_c4075 _d4074 |
||